Effectif OM (2023-2024) - Statistiques

Statistiques générales
  • Ce quiz a été pris 460 fois
    63 depuis la dernière actualisation
  • Le résultat moyen est 20 sur 28
Statistiques - réponses
Poste Nationalité Joueur % Correct
Attaquant Gabon Pierre-Emerick Aubameyang
100%
Défenseur RD Congo Chancel Mbemba
98%
Défenseur Argentine Leonardo Balerdi
96%
Milieu Maroc Amine Harit
92%
Attaquant Brésil Luis Henrique
92%
Gardien Espagne Pau López
90%
Milieu Centrafrique Geoffrey Kondogbia
88%
Gardien Espagne Rubén Blanco
86%
Défenseur Panama Amir Murillo
84%
Milieu France Valentin Rongier
84%
Milieu Maroc Azzedine Ounahi
82%
Attaquant Sénégal Ismaîla Sarr
80%
Attaquant Portugal Vitinha
80%
Milieu Maroc Bilal Nadir
76%
Attaquant Sénégal Iliman Ndiaye
76%
Défenseur Suisse Ulisses Garcia
76%
Défenseur France Quentin Merlin
73%
Milieu Sénégal Pape Guèye
67%
Milieu France Jordan Veretout
65%
Gardien Cameroun Simon Ngapandouetnbu
63%
Attaquant Cameroun Faris Moumbagna
61%
Défenseur France Samuel Gigot
61%
Défenseur Côte d'Ivoire Bamo Meïté
57%
Attaquant Argentine Joaquin Correa
53%
Défenseur France Jonathan Clauss
51%
Défenseur Angleterre Emran Soglo
39%
Attaquant Cameroun François Mughe
35%
Milieu Cameroun Jean Onana
29%
Aucun quiz correspondant
Distribution des résultats
% des personnes avec chaque résultat
Percentile par nombre de réponses
Votre historique - résultats
Vous n’avez pas pris ce quiz depuis la dernière actualisation